000 00225nam a22000857a 4500
008 161024b xxu||||| |||| 00| 0 eng d
100 _9949
_aOlympiad
245 _aMathematics-Class-06
260 _aNew Delhi
_b3 Gen Publications
_c2016
999 _c3605
_d3605